| 000 | 02318nim a2200457 i 4500 | ||
|---|---|---|---|
| 001 | 197362 | ||
| 003 | ES-MaACL | ||
| 005 | 20250828062633.0 | ||
| 007 | ss lsnjlcipnne | ||
| 008 | 210525s1991 sp nnnn |||| 00| spa d | ||
| 040 |
_bspa _cES-MaACL |
||
| 245 | 0 | 0 |
_aPresentación de la revista "Art Teatral - 3" _h[Grabación sonora] / _cparticipan Luis Riaza, Lidia Falcón, Alberto Miralles, Vicente Molina Foix, Alfonso Vallejo, Carmen Resino, José Luis Alegre y Eduardo Galán ; presenta Eduardo Quiles ; abre el acto Lauro Olmo |
| 260 |
_aMadrid : _bAteneo de Madrid, _c1991 |
||
| 300 |
_a1 casete (ca. 90 min) : _bson. ; _c11 cm |
||
| 490 | 1 | _3Actos culturales en el Ateneo de Madrid | |
| 511 | _aParticipan los autores teatrales Luis Riaza, Lidia Falcón, Alberto Miralles, Vicente Molina Foix, Alfonso Vallejo, Carmen Resino, José Luis Alegre y Eduardo Galán. Presenta la revista Eduardo Quiles, director de la misma. Abre el acto Lauro Olmo, director de la cátedra. | ||
| 518 | _aGrabado el 6 de junio de 1991 en el Salón de Actos del Ateneo de Madrid. | ||
| 520 | _aPresentación de la revista "Art Teatral - 3", acto patrocinado por la Caja de Ahorros y Monte de Piedad de Madrid. | ||
| 540 | _aDocumento inédito | ||
| 594 | _5Datos basados en la invitación. | ||
| 610 | 2 | 0 |
_aAteneo de Madrid- _xActos culturales- _y1991- _vGrabaciones sonoras _9240452 |
| 650 | 7 |
_aTeatro _2embne _917290 |
|
| 653 | _aArchivo de la palabra | ||
| 700 | 0 |
_994621 _aQuiles, Eduardo _epres |
|
| 700 | 1 |
_986974 _aOlmo, Lauro, _epres _d1922-1994 |
|
| 700 | 1 |
_996690 _aRiaza, Luis _eora |
|
| 700 | 1 |
_948707 _aFalcón, Lidia, _eora _d1935- |
|
| 700 | 1 |
_981482 _aMiralles, Alberto _eora |
|
| 700 |
_9235020 _aMolina Foix, Vicente, _eora _d1946- |
||
| 700 | 1 |
_9112831 _aVallejo, Alfonso, _eora _d1943- |
|
| 700 | 1 |
_996330 _aResino, Carmen _eora |
|
| 700 | 0 |
_919668 _aAlegre Cudós, José Luis, _eora _d1951-2022 |
|
| 700 | 1 |
_953286 _aGalán, Eduardo _eora |
|
| 710 | 2 |
_aAteneo de Madrid. _bCátedra Valle-Inclán _ehis _9137505 |
|
| 710 | 0 |
_aMonte de Piedad y Caja de Ahorros de Madrid _espn _95765 |
|
| 830 | 0 |
_aActos culturales en el Ateneo de Madrid _9240237 |
|
| 852 |
_aES-MaACL _cDEPOZ _9205686 |
||
| 942 |
_2udc _n0 _cCINTASAUD |
||
| 999 |
_c197362 _d197362 |
||